000 00425 a2200145 4500
003 Nust
005 20170207165829.0
040 _cNust
100 _aANGELA BURT
245 _aThe A to Z of Correct English (E-Book)
_cANGELA BURT
250 _a2nd edit ion
260 _aMagdalen Road, Oxford OX4 1RE. United Kingdom.
_bHow To Books Ltd, 3 Newtec
_cCopyright 2002
300 _a203p,
651 _aThe A to Z of Correct English E-Book
942 _2ddc
_cBK
999 _c213181
_d213181